000 00842cam a22002655a 4500
001 18583780
005 20160601105424.0
008 150420s2015 enka frbd 001 0 eng d
020 _a9780273758747
040 _aDLC
_beng
_cDLC
_dEG-ScBUE
082 0 4 _222
_a658.87
_bGOW
100 1 _aGoworek, Helen.
_940105
245 1 0 _aRetail marketing management :
_bprinciples and practice /
_cHelen Goworek & Peter McGoldrick.
260 _aHarlow :
_bPearson Education Limited,
_c2015.
300 _axvii, 350 p. :
_bill. ;
_c28 cm.
500 _aGlossary : p. 331-336.
500 _aIndex : p. 337-350.
504 _aIncludes bibliographical references.
650 7 _aMarketing
_xManagement.
_2BUEsh
_93301
650 0 _aRetail trade.
_2BUEsh
651 _2BUEsh
653 _bBUSADM
_cMay2016
700 1 _aMcGoldrick, Peter J.
942 _2ddc
999 _c21835
_d21807